1917 1624 1026 1425 1000 1184 1460 1119 1642 1508 1576 1928 1455 1541 1625 1733 1228 1108 1454 1319 1864 1690 1675 1076 1069 1610 1597 1645 1945 1239 1548 1109 1328 1031 1751 1237 1854 1940 1736 1845 1600 1450 1993 1250 1280 1506 1462 1606 1834 1573 1988 1200 1737 1370 1154 1278 1670 1953 1824 1600 1692 1934 1722 1944 1176 1141 1326 1005 1480 1537 1590 1390 1544 1922 1544 1472 1627 1389 1944 1906 1850 1284 1387 1239 1664 1503 1592 1514 1235 1503 1957 1015 1379 1934 1738 1443 1885 1763 1016 BCNSPRNW ULIB Ver.6.0+V

เปลี่ยนเป็นภาษาไทย

Change to English
 แสดงรายละเอียดบรรณานุกรม
  กลับหน้าหลัก

Brief Record : Get Marc (ISO 2709) : E-mail record : QR code < ปิดหน้าต่าง
LEADER : 00000nam 2200000uu 4500
001    13399120620
003     ULIB
008    120928s2548||||th 000 0 tha d
020    ^a9742948526
020    ^a9789742948528
060 04 ^aWY152^bบ573ก 2548
245 00 ^aการพยาบาลผู้สูงอายุ /^cบรรณาธิการ, บุญศรี นุเกตุ,ปาลีรัตน์ พรทวีกัณทา และคณะ
250    ^aพิมพ์ครั้งที่ 2
260    ^aนนทบุรี :^bโครงการสวัสดิการวิชาการ สถาบันพระบรมราชชนก,^c2548
300    ^a[8], 243 หน้า :^bภาพประกอบ :^c26 ซม.
504    ^aดรรชนี
650  7 ^aการพยาบาลผู้สูงอายุ
650  7 ^aโรคเรื้อรัง
650  7 ^aผู้สูงอายุ
700 0  ^aบุญศรี นุเกตุ,^eบรรณาธิการ
700 0  ^aปาลีรัตน์ พรทวีกัณทา,^eบรรณาธิการ
710 2  ^aสถาบันพระบรมราชชนก. ^bโครงการสวัสดิการวิชาการ
945    ^p170^l0^i14221
995    ^aวิภา
999 ^a ใช้งานได้ทุกระบบ
รายการนี้ยังไม่มีแท็ก
คุณยังไม่ได้ล็อกอิน คุณสามารถมีกิจกรรมร่วมกับเว็บไซต์ได้ แต่ต้องล็อกอินก่อน ::
  ล็อกอิน

รายการสื่อสารสนเทศ

ลำดับที่ ประเภท เลขเรียก/บาร์โค้ด สถานที่ สถานะ
1. วิทยาศาสตร์การแพทย์ และสุขภาพ
วิทยาศาสตร์การแพทย์ และสุขภาพ
WY152 บ573ก 2548  
  Barcode: 14221
ห้องสมุดวิทยาเขตสวรรค์ประชารักษ์
►หนังสือทั่วไป
ถูกยืม กำหนดส่งวันที่ 13 พฤษภาคม 2558
  จอง

รายการใกล้เคียง
    หัวเรื่อง [การพยาบาลผู้สูงอายุ]
    หัวเรื่อง [โรคเรื้อรัง]
    หัวเรื่อง [ผู้สูงอายุ]

BibComment


ยังไม่เคยถูกคอมเมนท์

คอมเมนท์ทรัพยากรรายการนี้
  คอมเมนท์: การพยาบาลผู้สูงอ..


 Copyright 2026. Bcnsprnw @Library